SIPRI yearbook : world armaments and disarmament.

Bibliographic Details
Previous Title:SIPRI yearbook of world armaments and disarmament
Corporate Author: Stockholm International Peace Research Institute
Format: Serial
Language:English
Published: Stockholm : New York : Almquist & Wiksell ; Humanities Press, [1972-]
Oxford : Oxford University Press.
Subjects:
Online Availability: Check for online availability

MARC

Tag First Indicator Second Indicator Subfields
LEADER 00000cas a2200000 a 4500
001 in00000072588
005 20151008053448.0
008 760604c19729999sw arz 0 a0eng d
010 |a  83643843   |z sn 79002501   |z sn 84011757  
019 |a 17397305 
022 0 |a 0953-0282  |l 0953-0282  |9 0347-2205  |2 z 
035 |a (OCoLC)02211125 
035 |9 AAH7503AM 
040 |a COO  |c COO  |d NSD  |d COO  |d IUL  |d m.c.  |d NST  |d MUL  |d DLC  |d NST  |d DLC  |d NST  |d DLC  |d NST  |d DLC  |d NSD  |d DLC  |d NST  |d OCL  |d NST  |d m/c  |d HUL  |d NST  |d DLC  |d NST  |d IUL  |d NST  |d DLC  |d NST  |d OCL  |d NST  |d HUL  |d NST  |d HUL  |d DLC  |d NST  |d UtOrBLW 
042 |a lc  |a nsdp 
049 |a TXAE 
050 0 0 |a UA10  |b .I55 
082 0 |a 355/.033/0047  |2 19 
222 0 |a World armaments and disarmament 
245 0 0 |a SIPRI yearbook :  |b world armaments and disarmament. 
246 2 |a Stockholm International Peace Research Institute yearbook 
246 1 0 |a World armaments and disarmament 
246 1 |i Subtitle varies:  |a Armaments, disarmament and international security 
264 1 |a Stockholm :  |b Almquist & Wiksell ;  |a New York :  |b Humanities Press,  |c [1972-] 
264 1 |3 <2009->  |a Oxford :  |b Oxford University Press. 
264 4 |c ©1972- 
300 |a volumes :  |b illustrations ;  |c 24 cm. 
310 |a Annual 
336 |a text  |b txt  |2 rdacontent 
337 |a unmediated  |b n  |2 rdamedia 
338 |a volume  |b nc  |2 rdacarrier 
362 0 |a 1972- 
550 |a Issued by: Stockholm International Peace Research Institute. 
555 |a 1968-1979. 1 v. (Includes index to yearbook under its earlier title) 
580 |a Issued also in Spanish under: Armamentos y desarme en el mundo. 
650 0 |a Military readiness  |v Periodicals. 
650 0 |a Disarmament  |v Periodicals. 
710 2 |a Stockholm International Peace Research Institute. 
775 1 |t Armamentos y desarme en el mundo  |e spa  |w (DLC) 87654758  |w (OCoLC)16990269 
780 0 0 |t SIPRI yearbook of world armaments and disarmament  |x 0579-5508  |w (DLC) 76012210  |w (OCoLC)2245671 
999 |a MARS 
999 f f |s bd7bada7-2b20-3fd7-ab41-76974d203fe1  |i 1a73fd22-fc84-322b-b538-1b4d933a265a  |t 0 
952 f f |p normal  |a Texas A&M University  |b College Station  |c Sterling C. Evans Library  |s Evans stk  |d Evans: Library Stacks  |t 0  |e UA10 .I55  |h Library of Congress classification  |i unmediated -- volume  |k 1975  |m A14812205346 
952 f f |p noncirc  |a Texas A&M University  |b College Station  |c Cushing Memorial Library & Archives  |s cush mil  |d Cushing: Ragan Military (Does not check out)  |t 0  |e UA10 .I55  |h Library of Congress classification  |i unmediated -- volume 
998 f f |a UA10 .I55  |s 1978  |t 0  |l Cushing: Ragan Military (Does not check out) 
998 f f |a UA10 .I55  |s 1975  |t 0  |l Evans: Library Stacks